000 01058nam0a22003011 4500
001 rc\4943992
005 20250612212041.0
021 _aRU
_bРг4158-60
035 _a(NLR Aleph) 008854312
090 _a8420514
_c8420514
100 _a20130426d1960 |||y0rusy50 ca
101 1 _arus
_ceng
102 _aRU
105 _ay z |||||
200 1 _aБурение скважин малого диаметра в Канаде
_fГос. науч.-техн. ком. Совета Министров РСФСР. Гос. науч.-исслед. ин-т науч. и техн. информации
210 _aМосква
_cБ. и.
_d1960
215 _a15 с.
_cграф.
_d20
225 1 _aПеревод
_v№ 147/60Б
300 _aПер. из: "World oil", 1959, IV, vol. 148, № 5
300 _aНа обл. авт. не указаны
300 _aЛитогр.
700 1 _aФриборн
_bВ.Д.
701 1 _aРойт
_bД.Р.
801 0 _aRU
_bNLR
_gpsbo
801 1 _aRU
_bELAR
_2rusmarc
852 _aNLR
_j60-4/5598
942 _cBOOK
980 _aNB